[Event "Wch U16 Girls"]
[Site "Porto Carras"]
[Date "2018.10.27"]
[Round "8"]
[White "De Silva, Tenara"]
[Black "Duson, Robin"]
[Result "1-0"]
[WhiteElo "1927"]
[BlackElo "1999"]
[PlyCount "115"]
[EventDate "2018.10.20"]
[EventType "swiss"]
[EventRounds "11"]
[EventCountry "GRE"]
[SourceTitle "CBM 187 Extra"]
[Source "ChessBase"]
[SourceDate "2018.11.04"]
[SourceVersion "1"]
[SourceVersionDate "2018.11.04"]
[SourceQuality "1"]

1. e4 c5 2. Nf3 e6 3. d4 cxd4 4. Nxd4 Nc6 5. Nc3 Qc7 6. Be3 a6 7. a3 Nf6 8. f4 h5 9. h3 h4 10. Qf3 Nh5 11. Nxc6 bxc6 12. Bd3 Rb8 13. Rb1 Ng3 14. Rg1 d5 15. Bf2 Qa5 16. Kd1 Bd7 17. Bxg3 hxg3 18. Ke2 d4 19. b4 Qc7 20. Na4 a5 21. Nc5 Bc8 22. Qxg3 Rh5 23. Qf3 Rxc5 24. bxc5 Bxc5 25. a4 Bb4 26. g4 Bd7 27. f5 e5 28. g5 c5 29. Bb5 Bxb5+ 30. axb5 c4 31. Rbc1 Rd8 32. f6 g6 33. h4 d3+ 34. cxd3 Rxd3 35. Qg4 Qc5 36. Rgd1 Ba3 37. Rxc4 Re3+ 38. Kf2 Rxe4+ 39. Rxc5 Bxc5+ 40. Kf3 Rxg4 41. Kxg4 Bd4 42. Rb1 Kd7 43. b6 Kc8 44. b7+ Kb8 45. h5 gxh5+ 46. Kxh5 e4 47. g6 Bxf6 48. gxf7 Be7 49. Kg6 a4 50. Kg7 a3 51. f8Q+ Bxf8+ 52. Kxf8 e3 53. Ke7 a2 54. Ra1 e2 55. Kd6 Kxb7 56. Kc5 Kc7 57. Kc4 Kc6 58. Kd3 1-0

[Event "Wch U16 Girls"]
[Site "Porto Carras"]
[Date "2018.10.26"]
[Round "7"]
[White "Duson, Robin"]
[Black "Ouellet, Maili Jade"]
[Result "0-1"]
[WhiteElo "1999"]
[BlackElo "2122"]
[PlyCount "66"]
[EventDate "2018.10.20"]
[EventType "swiss"]
[EventRounds "11"]
[EventCountry "GRE"]
[SourceTitle "CBM 187 Extra"]
[Source "ChessBase"]
[SourceDate "2018.11.04"]
[SourceVersion "1"]
[SourceVersionDate "2018.11.04"]
[SourceQuality "1"]

1. d4 d5 2. c4 e6 3. Nc3 c6 4. Nf3 dxc4 5. a4 Bb4 6. e3 b5 7. Bd2 a5 8. axb5 Bxc3 9. Bxc3 cxb5 10. b3 Bb7 11. bxc4 b4 12. Bb2 Nf6 13. Be2 0-0 14. 0-0 Nbd7 15. Ne5 Nxe5 16. dxe5 Ne4 17. Bd4 Qc7 18. Qc2 Nc5 19. Rfd1 Rfb8 20. Qb2 Nd7 21. Rd2 Bc6 22. Bd1 a4 23. f4 Qa5 24. Qc1 Nc5 25. Bxc5 Qxc5 26. Kf2 g6 27. Rd6 b3 28. Qc3 b2 29. Rb1 a3 30. Rxc6 Qxc6 31. Bf3 Qa6 32. Bxa8 Qxa8 33. g3 a2 0-1

[Event "Wch U16 Girls"]
[Site "Porto Carras"]
[Date "2018.10.21"]
[Round "2"]
[White "Duson, Robin"]
[Black "Hilario Huaranca, Aleyla Karen"]
[Result "0-1"]
[WhiteElo "1999"]
[BlackElo "2175"]
[PlyCount "84"]
[EventDate "2018.10.20"]
[EventType "swiss"]
[EventRounds "11"]
[EventCountry "GRE"]
[SourceTitle "CBM 187 Extra"]
[Source "ChessBase"]
[SourceDate "2018.11.04"]
[SourceVersion "1"]
[SourceVersionDate "2018.11.04"]
[SourceQuality "1"]

1. d4 d5 2. c4 c6 3. Nc3 Nf6 4. Nf3 dxc4 5. a4 Bf5 6. Nh4 Bg4 7. h3 Bh5 8. g4 Bg6 9. e3 e6 10. Bxc4 Bb4 11. Nxg6 hxg6 12. Bd2 Nbd7 13. Qe2 Qe7 14. 0-0-0 Nb6 15. Bb3 0-0-0 16. Bc2 Nfd5 17. Nxd5 exd5 18. Bxb4 Qxb4 19. Qd2 Qe7 20. Qe2 Rh4 21. a5 Nc4 22. a6 b6 23. Bd3 Qb4 24. Bxc4 Qxc4+ 25. Qxc4 dxc4 26. Kc2 Kc7 27. Kc3 b5 28. e4 Rdh8 29. d5 Rxh3+ 30. Rxh3 Rxh3+ 31. Kd4 cxd5 32. Kc5 dxe4 33. Rd4 f5 34. Rd5 fxg4 35. Kb4 Rh5 36. Rd1 g3 37. fxg3 e3 38. Re1 Re5 39. Kc3 e2 40. Kd4 Kd6 41. g4 g5 42. Kc3 Kc5 0-1